000 00516nam a22001817a 4500
003 UA-OsUOA
001 14145
007 ta
008 20030723b un ||||| |||| 00| 0 ukr d
100 _aФіщук Л.
942 _cSA
040 _aUA-OsUOA
_cUA-OsUOA
_dUA-OsUOA
245 _aПерспективи вівчарства [в Костопіл. р-ні]
300 _aС.2
955 _a0
773 0 _w0
_tВічеве слово
_dКостопіль
_d2003
_g№27/ 5 лип./
650 7 _aВівчарство
_2UDC
999 _c300306
_d300306